|
|
|
|
| LEADER |
02116nam a2200517 i 4500 |
| 001 |
EBC4085919 |
| 003 |
MiAaPQ |
| 005 |
20200520144314.0 |
| 006 |
m o d | |
| 007 |
cr cnu|||||||| |
| 008 |
160201t20152015mdua ob 001 0 eng d |
| 020 |
|
|
|z 9781442238770
|
| 020 |
|
|
|a 9781442238787 (e-book)
|
| 035 |
|
|
|a (MiAaPQ)EBC4085919
|
| 035 |
|
|
|a (Au-PeEL)EBL4085919
|
| 035 |
|
|
|a (CaPaEBR)ebr11140415
|
| 035 |
|
|
|a (CaONFJC)MIL827731
|
| 035 |
|
|
|a (OCoLC)920466554
|
| 040 |
|
|
|a MiAaPQ
|b eng
|e rda
|e pn
|c MiAaPQ
|d MiAaPQ
|
| 050 |
|
4 |
|a AM122
|b .F863 2015
|
| 082 |
0 |
|
|a 069.0681
|2 23
|
| 245 |
0 |
0 |
|a Fundraising and strategic planning :
|b innovative approaches for museums /
|c edited by Juilee Decker.
|
| 264 |
|
1 |
|a Lanham, Maryland :
|b Rowman & Littlefield,
|c 2015.
|
| 264 |
|
4 |
|c 2015
|
| 300 |
|
|
|a 1 online resource (125 pages) :
|b illustrations, tables.
|
| 336 |
|
|
|a text
|2 rdacontent
|
| 337 |
|
|
|a computer
|2 rdamedia
|
| 338 |
|
|
|a online resource
|2 rdacarrier
|
| 490 |
1 |
|
|a Innovative Approaches for Museums
|
| 504 |
|
|
|a Includes bibliographical references at the end of each chapters and index.
|
| 588 |
|
|
|a Description based on print version record.
|
| 590 |
|
|
|a Electronic reproduction. Ann Arbor, MI : ProQuest, 2016. Available via World Wide Web. Access may be limited to ProQuest affiliated libraries.
|
| 650 |
|
0 |
|a Museum finance.
|
| 650 |
|
0 |
|a Fund raising.
|
| 650 |
|
0 |
|a Museums
|x Marketing.
|
| 650 |
|
0 |
|a Public-private sector cooperation.
|
| 650 |
|
0 |
|a Museum visitors
|x Economic aspects.
|
| 650 |
|
0 |
|a Crowd funding.
|
| 650 |
|
0 |
|a Museums
|x Management.
|
| 650 |
|
0 |
|a Strategic planning.
|
| 655 |
|
4 |
|a Electronic books.
|
| 700 |
1 |
|
|a Decker, Juilee,
|e editor.
|
| 776 |
0 |
8 |
|i Print version:
|t Fundraising and strategic planning : innovative approaches for museums.
|d Lanham, Maryland : Rowman & Littlefield, c2015
|h vi, 117 pages
|k Innovative approaches for museums.
|z 9781442238770
|w 2015011697
|
| 797 |
2 |
|
|a ProQuest (Firm)
|
| 830 |
|
0 |
|a Innovative approaches for museums.
|
| 856 |
4 |
0 |
|u https://ebookcentral.proquest.com/lib/matrademy/detail.action?docID=4085919
|z Click to View
|